000
00342nam a2200145Ia 4500
008
151213s9999 xx 000 0 und d
100
_a
Pam Marries
245
_a
The Bakhtin Reader
_c
Pam Marries
260
_a
London
_b
Arnold
_c
1994
300
_a
2204 p.
650
_a
English
650
_a
English
700
_a
Pam Marries
999
_c
1609
_d
1609